| 000 | 01337nam0a22003131 4500 | ||
|---|---|---|---|
| 001 | v19\rc\1675074 | ||
| 005 | 20250619014735.0 | ||
| 035 | _a(NLR Aleph) 004781914 | ||
| 090 |
_a4678724 _c4678724 |
||
| 100 | _a20061002e18941894|||y0rusy50 ca | ||
| 101 | 0 | _arus | |
| 102 | _aRU | ||
| 105 | _ay z ||||| | ||
| 200 | 1 |
_aСлучай насильственных движений при ходьбе _eСообщ. в заседании О-ва врачей 19 нояб. 1893 г. _f[Соч.] Г.А. Клячкина _gИз Нерв. клиники проф. Л.О. Даркшевича |
|
| 210 |
_aКазань _cТипо-лит. Ун-та _d1894 |
||
| 215 |
_a6 с. _d24 |
||
| 309 | _aБез тит. л. и обл. | ||
| 311 | _aОтт. из "Дневника О-ва врачей". 1894 г., вып. 3 | ||
| 320 | _aБиблиогр.: с. 6 | ||
| 488 | 0 |
_12001#$aДневник Общества врачей$v1894, вып. 3 _tДневник Общества врачей |
|
| 700 | 1 |
_aКлячкин _bГ.А. _f1868- _gГригорий Абрамович |
|
| 702 | 1 |
_aДаркшевич _bЛ.О. _f1858-1925 _gЛиверий Осипович _4570 |
|
| 801 | 0 |
_aRU _bNLR _gpsbo |
|
| 801 | 0 |
_aRU _bRuMoRGB _2psbo |
|
| 801 | 1 |
_aRU _bProSoft-M _2rusmarc |
|
| 852 |
_aNLR _j18.182.4.462 |
||
| 899 |
_aRuMoRGB _jR 6/854 |
||
| 942 | _cBOOK | ||
| 980 | _aNB | ||